| 000 | 00774cam a22002531i 4500 | ||
|---|---|---|---|
| 001 | 31951 | ||
| 003 | BD-RjUL | ||
| 005 | 20211209051754.0 | ||
| 008 | 140423r19221961ii a 000 0 eng | ||
| 035 | _a(BD-RjUL)32040 | ||
| 035 | _a(OCoLC)6552159 | ||
| 040 |
_aDLC _cIU _dDLC _beng |
||
| 041 | _aeng | ||
| 082 |
_219 _a 297 _bHUN 1961 |
||
| 100 | 1 |
_aHussain, Ahmed, _d1863- _997275 |
|
| 245 | 1 | 0 |
_aNotes on Islam / _cby Sir Ahmad Hussain. Collected and edited by Hajee Khaja Muhammad Hussain. |
| 260 |
_aLahore : _bMuhammad Ashraf, _c1922 [reprinted 1961] |
||
| 300 |
_aviii, 104 p. : _bill. ; _c19 cm. |
||
| 650 | 0 |
_aIslam. _997276 |
|
| 700 | 1 |
_aHussain, Khaja Muhammad, _d1858- _eed. _997277 |
|
| 942 |
_2ddc _cBK |
||
| 999 |
_c31951 _d31951 |
||